banner koha

Planejamento agricola alimentar em funcao das necessidades nutricionais da populacao do estado de Santa Catarina - Alimentos para todos no ano 2000 (Registro n. 53941)

MARC details
000 -LÍDER
campo de controle de tamanho fixo 01133nam a22003617a 4500
001 - NÚMERO DE CONTROLE
campo de controle BR9602821
003 - IDENTIFICADOR DO NÚMERO DE CONTROLE
campo de controle BR-BrBNA
005 - DATA E HORÁRIO DA ÚLTIMA TRANSAÇÃO
campo de controle 20230928095013.0
007 - CAMPO FIXO DE DESCRIÇÃO FÍSICA--INFORMAÇÃO GERAL
campo de controle de tamanho fixo ta
008 - CAMPO DE DADOS FIXOS--INFORMAÇÃO GERAL
campo de controle de tamanho fixo 230509b bl.||||| |||| 00| 0 por d
040 ## - FONTE DA CATALOGAÇÃO
Instituição da catalogação original BR-BrBNA
Idioma da catalogação por
Instituição que transcreveu o registro Biblioteca Nacional de Agricultura
041 ## - CÓDIGO DE IDIOMA
Código do idioma do texto/trilha sonora ou título diferente (Por)
072 ## - CÓDIGO DE CATEGORIA DE ASSUNTO
Código de Categoria de Assunto S40
090 ## - NÚMERO DE CHAMADA LOCAL
-- S40 BR9602821
100 1# - ENTRADA PRINCIPAL--NOME PESSOAL
Nome pessoal Vasconcelos, F. de A.G. de
100 1# - ENTRADA PRINCIPAL--NOME PESSOAL
Nome pessoal Jansen, A.K.
100 1# - ENTRADA PRINCIPAL--NOME PESSOAL
Nome pessoal Roncatto Filho, C.R.
100 1# - ENTRADA PRINCIPAL--NOME PESSOAL
Nome pessoal Felipe, M.R.
100 1# - ENTRADA PRINCIPAL--NOME PESSOAL
Nome pessoal Assis, M.A.A. de
100 1# - ENTRADA PRINCIPAL--NOME PESSOAL
Nome pessoal Zoldan, P.C.
100 1# - ENTRADA PRINCIPAL--NOME PESSOAL
Nome pessoal Batista, S.M. de M.
100 1# - ENTRADA PRINCIPAL--NOME PESSOAL
Nome pessoal Silva Filho, R.L. da
100 1# - ENTRADA PRINCIPAL--NOME PESSOAL
Nome pessoal Schmidt, W.
111 1# - ENTRADA PRINCIPAL--NOME DO EVENTO
Nome do evento ou lugar 8. Simposio Brasileiro de Alimentacao
Local do evento Joao Pessoa, PB (Brazil)
Data do evento ou assinatura do tratado 14-19 Jun 1987
245 1# - TÍTULO
Título Planejamento agricola alimentar em funcao das necessidades nutricionais da populacao do estado de Santa Catarina - Alimentos para todos no ano 2000
260 3# - PUBLICAÇÃO, DISTRIBUIÇÃO, ETC.
Local de publicação, distribuição, etc. Florianopolis, SC (Brasil):
Data da publicação, distribuição, etc. 1987.
300 ## - DESCRIÇÃO FÍSICA
Extensão 99 p.
500 ## - NOTA GERAL
Nota geral 44 ref.; 41 tables
650 ## - ASSUNTO--TERMO TÓPICO
Cabeçalho tópico ou nome geográfico Nutricao Humana
650 ## - ASSUNTO--TERMO TÓPICO
Cabeçalho tópico ou nome geográfico Programa de Nutricao
909 ## -
-- 202309
-- Lucia
-- 55
-- Lucia Elande
942 ## - ELEMENTOS DE ENTRADA ADICIONADOS (KOHA)
Tipo de material Koha Livros
Exemplares
Situação do descarte Fonte da classificação ou esquema de arquivamento na estante Situação física Não pode ser emprestado Coleção Biblioteca de origem Biblioteca atual Total de empréstimos Número de telefone completo Código de barras Data de último acesso Número do exemplar Tipo de material Koha Situação das perdas Data de aquisição Fonte de aquisição
  Classificação AGRIS       Biblioteca Nacional de Agricultura - Binagri Biblioteca Nacional de Agricultura - Binagri   S40 BR9602821 S40 BR9602821 25/09/2023 01 Livros   2023-09-25 Portaria Interministerial nº 164/94

BINAGRI

Telefone: (61)3218-2567/2388/3357/2097 - binagri@agro.gov.br

Ministério da Agricultura e Pecuária , Esplanada dos Ministérios, Bloco D, Anexo B, Brasília/DF, CEP: 70.043-900